000 00363nam a2200145Ia 4500
008 230917s9999||||xx |||||||||||||| ||und||
040 _e123763
_aMAIN
041 _aEnglish
082 _a005.133 J641N
100 _aJohnston, Barbara
245 0 _aC++ programming today
260 _aNew Delhi
_bPrentice-Hall of India
_c2002
300 _a709 p.
942 _cBK
999 _c142556
_d142556